000 01474nam a2200421 a 4500
001 dia_1337
003 CHAP
005 20240801091404.0
007 ta
008 220117s1977 sp ado fr 001 0 spa d
010 _a171884
020 _a84-205-0379-7
040 _amxchpua
_cCHAP
041 _aspa
_hspa
050 1 0 _aQR84
_b.R67 1977
082 _a576
_bR67 1977
_220
100 1 _aRose, Anthony H.
_9100071
240 1 0 _aChemical microbiology, 3rd edition.
_lEspañol
245 1 0 _aMicrobiología química:
_bIntroducción a la Fisiología Microbiana /
_cAnthony H. Rose ; traductor Dimas Fernández Galiano
250 _a2a edición
264 _aEspaña :
_bAlhambra.
_c1977
300 _a522 págfinas :
_bilustraciones, tablas, gráficas, diagramas, fotos
336 _atexto
_btxt
_2rdacontent
337 _ano mediado
_bn
_2rdamedia
338 _avolumen
_bnc
_2rdacarrier
490 1 _aExedra. Ciencia, tecnica, ingenieria(Alhambra)
504 _aIncluye bibliografías
650 1 3 _aMicrobiología
_2atg
_975490
650 1 3 _aFisiología microbial
_9189329
650 1 3 _aMicrobiology
_2atg
_9150556
650 1 3 _aMicrobial physiology
_9189330
700 1 _aFernández Galiano, Dimas
_9189331
_etraductor
830 0 _aExedra. Ciencia, tecnica, ingenieria(Alhambra)
_n28
_pSección y Biología (4)
_939045
901 _a576 R67 1977
902 _aM
905 _a0000001977 ESPA 0000000000ESP00
942 _cLIBRO
_2ddc
999 _c171884
_d171884